| 000 | 00423cam a2200157ua 4500 | ||
|---|---|---|---|
| 041 |
_aeng _h |
||
| 082 |
_a822 _bGEO/GA |
||
| 100 | _aGeothe, . | ||
| 245 |
_aGoethe`s fault, Part I & II / _cGeothe. _hTextual Documents |
||
| 260 |
_aLondon : _bJ M Dent and Sons Ltd , _c1954. |
||
| 300 | _a424 ; . | ||
| 440 | 0 |
_aEveryman`s Library, _v335 _x; |
|
| 490 | 0 |
_aEveryman`s Library, _v335 _x; |
|
| 942 | _cBK | ||
| 999 |
_c443 _d443 |
||